Something - The Beatles (all lyrics) - Statistics

General Stats
  • This quiz has been taken 71 times
  • The average score is 95 of 111
Answer Stats
Answer % Correct
Something
100%
I
98%
in
98%
she
98%
the
98%
way
97%
love
95%
moves
95%
me
93%
no
93%
do
92%
her
92%
know
92%
lover
92%
other
92%
don't
90%
like
90%
now
85%
leave
84%
wanna
82%
You
82%
Attracts
80%
how
80%
believe
79%
my
74%
need
74%
knows
69%
shows
69%
to
69%
and
67%
And
67%
grow?
67%
That
66%
that
66%
will
66%
all
64%
smile
64%
is
61%
You're
61%
of
59%
asking
57%
have
56%
woos
56%
think
52%
Somewhere
46%
style
34%
No matching quizzes found
Score Distribution
Percent of People with Each Score
Percentile by Number Answered
Your Score History
You have not taken this quiz